000 00358nam a22001217a 4500
082 _aTHE 200
100 _aKASHIF KAMRAN,
_972784
245 _aTH-SOF-0742-DYNAMIC USER INTERFACE GENERATION OFR MASTER DATA IN ERP SYSTEM
260 _aNUST COLLEGE OF EME
_bISLAMABAD
_c2001
650 _aMS-CSE-7 MSTHESIS
700 _aDR FAROOQUE AZAM
_917306
942 _cCF
999 _c578761
_d578761